| 000 | 01103 a2200313 4500 | ||
|---|---|---|---|
| 999 |
_c200046177 _d32496 |
||
| 001 | 200046177 | ||
| 003 | TR-AnTOB | ||
| 005 | 20231128154409.0 | ||
| 008 | 130212s2012 tu 000 0 | ||
| 020 | _a9786056217234 | ||
| 040 |
_aTR-AnTOB _cTR-AnTOB |
||
| 041 | _atur | ||
| 050 | 0 | 0 |
_aND840 _b.E73 2012 |
| 090 | _aND840 .E73 2012 | ||
| 100 | 1 |
_aErtürk, Yelda _986107 |
|
| 245 | 1 | 0 |
_aBursa ve resim sanatı tarihi : _bTürk resim sanatı tarihinde Bursa'nın konu olduğu resimler ve ressamları / _cYelda Ertürk. |
| 246 | 3 | _aTürk resim sanatı tarihinde Bursa'nın konu olduğu resimler ve ressamları | |
| 264 | 1 |
_aBura: _bNilüfer Akkılıç Kütüphanesi, _c2012. |
|
| 300 |
_a37, [1] p. : _bill. ; _c22 |
||
| 336 |
_2rdacontent _atext _btxt |
||
| 337 |
_2rdamedia _aunmediated _bn |
||
| 338 |
_2rdacarrier _avolume _bnc |
||
| 490 | 0 |
_aNilüfer Akkılıç Kütüphanesi Yayınları ; _v9 |
|
| 504 | _aIncludes bibliographical references | ||
| 650 | 0 |
_aArtists _zTurkey _zBursa _986108 |
|
| 650 | 0 |
_aSanatçılar _zTürkiye _zBursa _986109 |
|
| 942 |
_cBK _2lcc |
||